00302nam a2200097Ia 4500008004100000020001500041100002300056245005500079260005200134300001800186180205s9999 xx 000 0 und d a9715552897 aBisa, Simplicio P. aRetorika :bpara sa mabisa at masining na pagsulat aMalate CitybDe La Salle University Pressc1999 aiv, 198 pages